| 000 | 02726nam a22003854a 4500 | ||
|---|---|---|---|
| 001 | ebr10218373 | ||
| 003 | CaPaEBR | ||
| 006 | m u | ||
| 007 | cr cn||||||||| | ||
| 008 | 070131s2007 aluab sb s001 0 eng | ||
| 010 | _z 2007004159 | ||
| 020 | _z9780817315542 (cloth : alk. paper) | ||
| 020 | _z0817315543 | ||
| 020 | _z9780817354091 (pbk. : alk. paper) | ||
| 020 | _z0817354093 | ||
| 040 |
_aCaPaEBR _cCaPaEBR |
||
| 035 | _a(OCoLC)648357070 | ||
| 043 | _an-usu-- | ||
| 050 | 1 | 4 |
_aE99.M6815 _bS68 2007eb |
| 245 | 0 | 0 |
_aSoutheastern ceremonial complex _h[electronic resource] : _bchronology, content, context / _cedited by Adam King. |
| 260 |
_aTuscaloosa, [Ala.] : _bUniversity of Alabama Press, _cc2007. |
||
| 300 |
_axiv, 305 p. : _bill., maps. |
||
| 500 | _a"A Dan Josselyn Memorial publication"--P. [ii]. | ||
| 504 | _aIncludes bibliographical references (p. [259]-287) and index. | ||
| 505 | 0 | _aThe southeastern ceremonial complex : from cult to complex / Adam King -- Prolegomena for the analysis of the southeastern ceremonial complex / Jon Muller -- Chronological implications of the bellows-shaped apron / James A. Brown -- Mound 34 : the context for the early evidence of the southeastern ceremonial complex at Cahokia / John E. Kelly ... [et al.] -- Shell gorgets, time, and the southeastern ceremonial complex in southeastern Tennessee / Lynne P. Sullivan -- Mound C and the southeastern ceremonial complex in the history of the Etowah site / Adam King -- Connections between the Etowah and Lake Jackson chiefdoms : patterns in the iconographic and material evidence / John F. Scarry -- An assessment of Moundville engraved "cult" designs from potsherds / Vernon James Knight, Jr. -- Hightower anthropomorphic marine shell gorgets and Duck River sword-form flint bifaces : middle Mississippian ritual regalia in the southern Appalachians / Shawn Marceaux and David H. Dye -- Mississippian shell gorgets in regional perspective / David J. Hally -- Sex and the southern cult / Susan M. Alt and Timothy R. Pauketat -- Whither SECC? / Adam King. | |
| 533 |
_aElectronic reproduction. _bPalo Alto, Calif. : _cebrary, _d2013. _nAvailable via World Wide Web. _nAccess may be limited to ebrary affiliated libraries. |
||
| 650 | 0 | _aMississippian culture. | |
| 650 | 0 |
_aIndians of North America _zSouthern States _xRites and ceremonies. |
|
| 650 | 0 |
_aIndians of North America _zSouthern States _xAntiquities. |
|
| 651 | 0 |
_aSouthern States _xAntiquities. |
|
| 655 | 7 |
_aElectronic books. _2local |
|
| 700 | 1 |
_aKing, Adam, _d1965- |
|
| 710 | 2 | _aebrary, Inc. | |
| 856 | 4 | 0 |
_uhttp://site.ebrary.com/lib/rucke/Doc?id=10218373 _zAn electronic book accessible through the World Wide Web; click to view |
| 999 |
_c130019 _d130019 |
||